La dynamique commerciale: application aux produits industriels
Saved in:
| Hovedforfatter: | |
|---|---|
| Format: | Bog |
| Sprog: | fransk |
| Udgivet: |
París
Dunod
1969
|
| Serier: | La Vie de l'Entreprise
|
| Fag: | |
| Tags: |
Tilføj Tag
Ingen Tags, Vær først til at tagge denne postø!
|
MARC
| LEADER | 00000nam a2200000 a 4500 | ||
|---|---|---|---|
| 001 | UCQ1138 | ||
| 003 | CL-VaPUC | ||
| 008 | 980709e19690000FR |||||||||||||||||fre|d | ||
| 082 | 0 | 4 | |a 658.8 |b COH |2 21 |
| 100 | 0 | |a Cohen, M |e author |9 414742 | |
| 245 | 1 | 3 | |a La dynamique commerciale: application aux produits industriels |
| 300 | |a 112 p | ||
| 942 | |c BK | ||
| 945 | |d 19980709 00:00:00 |a cmena | ||
| 260 | |a París |b Dunod |c 1969 | ||
| 650 | 0 | |a Marketing |9 259324 | |
| 650 | 0 | |a Comercialización |9 259326 | |
| 650 | 0 | |a Gestión |9 260993 | |
| 650 | 7 | |a PLANIFICACION Y CONTROL |2 CL-VaPUC |9 414743 | |
| 650 | 0 | |a Ventas |9 259323 | |
| 650 | 0 | |a Publicidad |9 314572 | |
| 583 | |a last modification |c 19980709 00:00:00 |k Rodrigo Vera | ||
| 490 | 0 | |a La Vie de l'Entreprise | |
| 999 | |c 272142 |d 272140 | ||
| 952 | |0 0 |1 0 |4 0 |6 658_800000000000000_COH_1969 |7 0 |8 A |9 307011 |a BIBGIM |b BIBGIM |d 2019-11-20 |i 1433555 |o 658.8 COH 1969 |p 1433555 |r 2025-01-15 |w 2019-11-20 |y BK |k COM | ||